[Event "Cto Aragón Equipos Div.  Honor F. Desce"]
[Site "Aragon"]
[Date "2014.03.30"]
[Round "11.26"]
[White "Galve Guinea, Alejandro"]
[Black "Mimbela Lopez, Miguel A"]
[Result "1/2-1/2"]
[WhiteElo "2037"]
[BlackElo "2173"]
[PlyCount "25"]
[EventDate "2014.??.??"]
[WhiteTeam "El Olivar B"]
[BlackTeam "Agrupacion"]

1. d4 Nf6 2. Nf3 g6 3. c4 Bg7 4. Nc3 d6 5. e4 O-O 6. Be2 e5 7. O-O Nbd7 8. Be3
c6 9. dxe5 dxe5 10. Nd2 Qe7 11. Rb1 Nc5 12. b4 Ne6 13. c5 1/2-1/2

[Event "Cto Aragón Equipos Div.  Honor F. Desce"]
[Site "Aragon"]
[Date "2014.03.30"]
[Round "11.28"]
[White "De La Riva Fernandez, Eduardo"]
[Black "Larrosa Poves, Jose Manuel"]
[Result "1/2-1/2"]
[WhiteElo "1965"]
[BlackElo "1990"]
[PlyCount "37"]
[EventDate "2014.??.??"]
[WhiteTeam "El Olivar B"]
[BlackTeam "Agrupacion"]

1. e4 c5 2. Nf3 e6 3. d4 cxd4 4. Nxd4 a6 5. c4 Nf6 6. Bd3 Nc6 7. Nxc6 dxc6 8.
O-O e5 9. Nc3 Be7 10. Be2 O-O 11. Be3 Be6 12. Qxd8 Raxd8 13. Rfd1 Rxd1+ 14.
Rxd1 Rd8 15. Rxd8+ Bxd8 16. a3 h6 17. f3 Nd7 18. b4 b5 19. c5 1/2-1/2

[Event "Cto Aragón Equipos Div.  Honor F. Desce"]
[Site "Aragon"]
[Date "2014.03.30"]
[Round "11.29"]
[White "Fernandez Rubio, Rafael"]
[Black "Hefty, Jorge W"]
[Result "0-1"]
[WhiteElo "2021"]
[BlackElo "2342"]
[PlyCount "88"]
[EventDate "2014.??.??"]
[WhiteTeam "Tauste"]
[BlackTeam "IberCaja"]

1. c4 Nf6 2. Nc3 d5 3. cxd5 Nxd5 4. e4 Nb4 5. d3 c5 6. Be3 e5 7. Be2 Bd6 8. Nf3
O-O 9. O-O N8c6 10. a3 Na6 11. Rc1 Bd7 12. Nd2 Rc8 13. Nb5 Qe7 14. Nxd6 Qxd6
15. Nc4 Qe7 16. f4 b6 17. f5 f6 18. Rf3 Nd4 19. Rh3 g5 20. Bf1 Rcd8 21. Rh6 Qg7
22. Rh3 Qe7 23. Rg3 Kh8 24. h4 gxh4 25. Rh3 Rg8 26. Bf2 Rg7 27. Bxh4 Rdg8 28.
Ne3 Nc7 29. b4 Ne8 30. bxc5 bxc5 31. Rb1 Bc6 32. Rb2 Qd6 33. Qh5 Nb5 34. a4
Nbc7 35. a5 Qd4 36. Rb8 c4 37. Rb4 Bb5 38. dxc4 Bc6 39. Qh6 Qxe4 40. Bxf6 Nxf6
41. Qxf6 Ne8 42. Qh4 Rxg2+ 43. Nxg2 Rxg2+ 44. Kh1 Rg4+ 0-1

[Event "Cto Aragón Equipos Div.  Honor F. Desce"]
[Site "Aragon"]
[Date "2014.03.30"]
[Round "11.30"]
[White "Martinez Cebolla, Alberto"]
[Black "Sierra Aguerri, Joaquin"]
[Result "0-1"]
[WhiteElo "2054"]
[BlackElo "2018"]
[PlyCount "122"]
[EventDate "2014.??.??"]
[WhiteTeam "IberCaja"]
[BlackTeam "Tauste"]

1. e4 d5 2. exd5 Qxd5 3. Nc3 Qa5 4. d4 Nf6 5. Nf3 c6 6. Bc4 Bf5 7. Bd2 e6 8.
Nd5 Qd8 9. Nxf6+ gxf6 10. Bf4 Bd6 11. Bxd6 Qxd6 12. Qd2 Nd7 13. O-O-O O-O-O 14.
h3 h5 15. Rhe1 h4 16. Re3 Qf4 17. Qa5 Nb6 18. Bb3 Kb8 19. Kb1 Rh5 20. Ka1 Rg8
21. c4 Rxg2 22. c5 Nc8 23. d5 Qc7 24. Qxc7+ Kxc7 25. dxe6 fxe6 26. Bxe6 Bxe6
27. Rxe6 Rxf2 28. Rxf6 Rxc5 29. Rf7+ Kb6 30. Ne5 Rxf7 31. Nxf7 Rf5 32. Nd8 Rf6
33. Re1 Rf3 34. Rh1 Nd6 35. Ne6 Ne4 36. a3 c5 37. Re1 Nd2 38. Ng5 Rg3 39. Ne4
Nb3+ 40. Ka2 Rxh3 41. Nc3 Nd4 42. Re5 Kc6 43. Na4 Kd6 44. Rh5 Ne6 45. Rh6 Ke5
46. Rh7 b5 47. Nc3 b4 48. axb4 cxb4 49. Nb1 Rh2 50. Rxa7 Nc5 51. Rh7 Kd4 52.
Rh8 Kd3 53. Rc8 Kc4 54. Rd8 Ne4 55. Rc8+ Kd3 56. Rd8+ Ke3 57. Rb8 Nc3+ 58. Nxc3
bxc3 59. Re8+ Kf3 60. Rf8+ Kg3 61. Rg8+ Kh3 0-1

[Event "Cto Aragón Equipos Div.  Honor F. Desce"]
[Site "Aragon"]
[Date "2014.03.30"]
[Round "11.31"]
[White "Sancho Casale, Jesus"]
[Black "Sanchez Castro, Roberto"]
[Result "0-1"]
[WhiteElo "1968"]
[BlackElo "2012"]
[PlyCount "78"]
[EventDate "2014.??.??"]
[WhiteTeam "Tauste"]
[BlackTeam "IberCaja"]

1. Nf3 Nf6 2. d4 d5 3. c4 e6 4. cxd5 exd5 5. Nc3 Be7 6. Bg5 O-O 7. e3 c6 8. Bd3
Ne4 9. Bxe7 Qxe7 10. Qc2 Bf5 11. Nd2 Re8 12. Ncxe4 dxe4 13. Be2 Nd7 14. Nb3
Qb4+ 15. Qd2 a5 16. Qc3 Be6 17. Nd2 Nf6 18. a3 Qe7 19. Qc2 Bd5 20. O-O a4 21.
Rfc1 Nd7 22. Qc3 b5 23. Qb4 Qg5 24. b3 Re6 25. bxa4 Rg6 26. Bf1 Rxa4 27. Qb1 f5
28. Rc3 Nf6 29. Qd1 Rh6 30. f4 exf3 31. Nxf3 Qh5 32. h3 Ne4 33. Rcc1 g5 34. Ne5
g4 35. Nxc6 Qg5 36. Ne5 Qxe3+ 37. Kh1 Nf2+ 38. Kg1 Nxd1+ 39. Kh1 Rxh3# 0-1

[Event "Cto Aragón Equipos Div.  Honor F. Desce"]
[Site "Aragon"]
[Date "2014.03.30"]
[Round "11.32"]
[White "Garcia Monterde, Francisco Jos"]
[Black "Bogomilov Georgiev, Georgi Ii"]
[Result "1-0"]
[WhiteElo "1986"]
[BlackElo "1931"]
[PlyCount "59"]
[EventDate "2014.??.??"]
[WhiteTeam "IberCaja"]
[BlackTeam "Tauste"]

1. Nf3 Nf6 2. c4 c5 3. Nc3 Nc6 4. g3 g6 5. Bg2 Bg7 6. d4 cxd4 7. Nxd4 O-O 8.
O-O Qb6 9. Nb3 d6 10. Be3 Qb4 11. Rc1 Qxc4 12. Nd5 Qa4 13. Rxc6 Nxd5 14. Rxc8
Raxc8 15. Bxd5 Qxa2 16. Bd4 Bxd4 17. Qxd4 e6 18. Ra1 Rc1+ 19. Rxc1 exd5 20. Nd2
b5 21. h4 a5 22. Kg2 Re8 23. Rc7 a4 24. h5 gxh5 25. Nf3 a3 26. Qf6 d4 27. bxa3
Rf8 28. Nxd4 Qd5+ 29. f3 Re8 30. Nf5 1-0

[Event " Cto de Aragon Equipos  Play-offs Pref "]
[Site "Zaragoza"]
[Date "2014.03.30"]
[Round "11.33"]
[White "Hinojar Basa, Alfonso"]
[Black "Donoso Sanchez, Alejandro"]
[Result "0-1"]
[WhiteElo "2201"]
[BlackElo "2212"]
[PlyCount "134"]
[EventDate "2014.??.??"]
[WhiteTeam "Marcos Frechin"]
[BlackTeam "CMU Pedro Cerbuna"]

1. e4 c5 2. Nf3 e6 3. d4 cxd4 4. Nxd4 a6 5. Bd3 Nf6 6. O-O Qc7 7. Qe2 Nc6 8.
Nb3 Be7 9. a4 b6 10. f4 d5 11. e5 Nd7 12. Be3 Nc5 13. N1d2 Nb4 14. Rfc1 Bb7 15.
a5 Rc8 16. Qf2 b5 17. Nxc5 Bxc5 18. Bxc5 Qxc5 19. Qxc5 Rxc5 20. Nb3 Rc7 21. Nd4
Nc6 22. c3 g6 23. Kf2 Ke7 24. Ke3 Rhc8 25. Re1 Nxd4 26. Kxd4 Rg8 27. g4 h5 28.
gxh5 gxh5 29. Rg1 Rcc8 30. h4 Rg4 31. Rxg4 hxg4 32. Rg1 Rg8 33. Rg3 f5 34.
exf6+ Kxf6 35. h5 Rh8 36. Bg6 Rc8 37. b3 e5+ 38. fxe5+ Kg5 39. e6 Kf4 40. Rg1
Bc6 41. h6 g3 42. h7 Kf3 43. Bf7 Rh8 44. Bg8 Kf2 45. Rc1 g2 46. Ke5 g1=Q 47.
Rxg1 Kxg1 48. Kf6 Kf2 49. b4 Ke3 50. Kg7 Rxh7+ 51. Bxh7 Kd2 52. Kf6 Kxc3 53.
Bg6 Kxb4 54. Ke5 Kxa5 55. e7 Kb6 56. Kd4 a5 57. Bf7 a4 58. Bxd5 Be8 59. Be6 Kc6
60. Kc3 Kc5 61. Kb2 b4 62. Bg8 Kd6 63. Kc2 Kxe7 64. Kd3 Bf7 65. Bh7 Kd6 66. Kd4
a3 67. Bb1 a2 0-1

[Event " Cto de Aragon Equipos  Play-offs Pref "]
[Site "Zaragoza"]
[Date "2014.03.30"]
[Round "11.34"]
[White "Sacristan Latorre, Alberto"]
[Black "Sebastian Bespin, Ruben"]
[Result "1-0"]
[WhiteElo "2061"]
[BlackElo "2153"]
[PlyCount "91"]
[EventDate "2014.??.??"]
[WhiteTeam "CMU Pedro Cerbuna"]
[BlackTeam "Marcos Frechin"]

1. e4 e6 2. d4 d5 3. Nd2 Nf6 4. e5 Nfd7 5. Bd3 c5 6. c3 Nc6 7. Ne2 Qb6 8. Nf3
cxd4 9. cxd4 f6 10. exf6 Nxf6 11. O-O Bd6 12. Nc3 O-O 13. Be3 Bd7 14. Re1 Rae8
15. Ne5 Bc8 16. a3 Kh8 17. b4 Re7 18. f4 Qd8 19. Qf3 Qe8 20. Rf1 g6 21. Qh3 Kg8
22. Rf3 Rg7 23. Raf1 a5 24. Nb5 Bb8 25. bxa5 Nxa5 26. Bd2 Nc6 27. Re1 Ne4 28.
Bxe4 Nxe5 29. fxe5 dxe4 30. Rxf8+ Qxf8 31. Bh6 Bd7 32. Bxg7 Kxg7 33. Rf1 Qe7
34. Qb3 Bc6 35. a4 Bd5 36. Qc2 e3 37. Qe2 Qg5 38. g3 h5 39. Rf4 h4 40. Qxe3 Qh5
41. g4 Qh8 42. Rf6 h3 43. Qg5 Be4 44. Qf4 Qc8 45. Qxe4 Qc1+ 46. Rf1 1-0

[Event " Cto de Aragon Equipos  Play-offs Pref "]
[Site "Zaragoza"]
[Date "2014.03.30"]
[Round "11.35"]
[White "Portero Garnica, Miguel Angel"]
[Black "Gella Bitrian, Diego"]
[Result "1/2-1/2"]
[WhiteElo "2124"]
[BlackElo "2054"]
[PlyCount "119"]
[EventDate "2014.??.??"]
[WhiteTeam "Marcos Frechin"]
[BlackTeam "CMU Pedro Cerbuna"]

1. e4 c5 2. Nf3 e6 3. d4 cxd4 4. Nxd4 Nc6 5. Nc3 Qc7 6. Be2 a6 7. O-O Nf6 8. a3
b5 9. Nxc6 dxc6 10. Be3 Bb7 11. Bf3 c5 12. e5 Rd8 13. Qe1 Bxf3 14. exf6 Bb7 15.
Bg5 gxf6 16. Bxf6 Rg8 17. f3 Be7 18. Qh4 Bxf6 19. Qxf6 Qe7 20. Qxe7+ Kxe7 21.
Rae1 Rd2 22. Rf2 Rgd8 23. Nb1 R2d4 24. Rfe2 Kf6 25. Kf2 a5 26. Re5 R4d5 27.
R5e3 b4 28. c3 Ba6 29. Re4 bxa3 30. Nxa3 Rd2+ 31. Kg3 Rxb2 32. Nc4 Bxc4 33.
Rxc4 Rdd2 34. Rg1 Rd5 35. Ra4 Rc2 36. c4 Rd4 37. Rxa5 Rcxc4 38. Ra7 Rc2 39. Rb1
Rdd2 40. Rg1 c4 41. Rc7 Rd5 42. h4 Rdd2 43. Kh3 Rd6 44. Rb1 Rdd2 45. Rg1 c3 46.
g4 e5 47. g5+ Ke6 48. Ra1 Rd3 49. Ra6+ Rd6 50. Ra3 Rd3 51. Ra6+ Rd6 52. Raa7
Rdd2 53. Rxf7 Rh2+ 54. Kg4 Rcg2+ 55. Kh5 c2 56. Rf6+ Kd5 57. Rc7 Rg1 58. Rfc6
Rgh1 59. Rc5+ Kd6 60. R7c6+ 1/2-1/2

[Event " Cto de Aragon Equipos  Play-offs Pref "]
[Site "Zaragoza"]
[Date "2014.03.30"]
[Round "11.36"]
[White "Colom Sienes, Eduardo"]
[Black "Ciriano Lamban, Alejandro"]
[Result "1-0"]
[WhiteElo "2042"]
[BlackElo "1818"]
[PlyCount "73"]
[EventDate "2014.??.??"]
[WhiteTeam "CMU Pedro Cerbuna"]
[BlackTeam "Marcos Frechin"]

1. e4 c5 2. Nf3 d6 3. d4 cxd4 4. Nxd4 Nf6 5. Nc3 a6 6. f3 e5 7. Nb3 Be6 8. Be3
Be7 9. Qd2 O-O 10. O-O-O Nbd7 11. g4 b5 12. g5 Nh5 13. Kb1 Nb6 14. Nd5 Bxd5 15.
exd5 Qc7 16. Rg1 Rac8 17. Qf2 Nc4 18. Bxc4 bxc4 19. Nd2 g6 20. Ne4 Qb7 21. Qh4
f5 22. gxf6 Nxf6 23. Qh6 Rf7 24. Ng5 Bf8 25. Qh3 Rb8 26. Bc1 Nxd5 27. Nxf7 Qxf7
28. Ka1 Nb4 29. Rg2 a5 30. Bh6 Bxh6 31. Qxh6 Qf5 32. Qd2 Qxf3 33. Qxd6 Re8 34.
Rxg6+ hxg6 35. Qxg6+ Kf8 36. Qh6+ Ke7 37. Qg7+ 1-0